[Event "IND-ch U25"]
[Site "Calicut"]
[Date "2013.10.03"]
[Round "2"]
[White "Padhya, Saumil"]
[Black "Athish, K."]
[Result "1-0"]
[WhiteElo "2244"]
[BlackElo "1889"]
[PlyCount "47"]
[EventDate "2013.10.02"]
[EventType "swiss"]
[EventRounds "9"]
[EventCountry "IND"]
[SourceTitle "EXT 2014"]
[Source "ChessBase"]
[SourceDate "2013.11.20"]
[SourceVersion "1"]
[SourceVersionDate "2013.11.20"]
[SourceQuality "1"]

1. e4 e6 2. d4 d5 3. Nd2 c5 4. dxc5 Bxc5 5. Bd3 Nf6 6. Qe2 dxe4 7. Nxe4 Be7 8. Nf3 Nc6 9. 0-0 Qc7 10. c3 b6 11. Bg5 Nd5 12. Bb5 Bb7 13. c4 Nf6 14. Rad1 0-0 15. Nxf6+ Bxf6 16. Bxf6 gxf6 17. Qe3 Kg7 18. Nd4 Rad8 19. Bxc6 Bxc6 20. Rd3 Ba8 21. Rfd1 Rde8 22. Qh3 Kh8 23. Qh6 Qe5 24. f4 1-0